000 00485nam a22001697a 4500
005 20241014072820.0
008 241014b |||||||| |||| 00| 0 eng d
020 _a9780409047813
041 _aEnglish
082 _a346.5 PAC
100 _lEnglish
245 _aWills and Trust /
_cRP Pace and WM van der Westhuizen
260 _aDurban:
_bLexisNexis,
_c1995
300 _bxiv, 41 pages;
_c26 cm.
650 _aLegal practice
_bLaw
942 _cBK
_6ALISON_BN_VRIES
999 _c3214
_d3214